000 01345cam a22003977a 4500
003 CHAP
005 20220817042251.0
008 971013s1995 mx r 00010 spa d
010 _a39068
011 _a40040
035 _a44165
040 _cCHAP
090 _aTesis
100 0 0 _aChávez Avila, Juan Francisco.
_922665
245 1 4 _aLas empresas comercializadoras campesinas
_b: una alternativa
260 _aChapingo, Méx. :
_bEl autor,
_c1995
300 _a112 h
502 _aTesis (Ing. Agr. Esp. en Economía Agrícola) -- UACH. Departamento de Economía Agrícola
590 _aALEPH
_b10
_c20130110
_lUCH01
_h1305
590 _aBATCH-UPD
_b10
_c20130109
_lUCH01
_h2340
590 _aBATCH-UPD
_b10
_c20130110
_lUCH01
_h1408
590 _aBATCH-UPD
_b10
_c20130409
_lUCH01
_h1908
590 _aBATCH-UPD
_b10
_c20130410
_lUCH01
_h0856
590 _aBATCH-UPD
_b10
_c20130914
_lUCH01
_h0913
590 _aCONVERSION
_b10
_c20130109
_lUCH01
_h1322
650 1 4 _aCereales
_xMercadeo.
_921435
650 1 4 _aEmpresas campesinas.
_936652
650 1 4 _aMaíz
_xMercadeo.
_971007
650 1 4 _aProductos agrícolas
_xMercadeo.
_991951
710 2 _aCONASUPO
790 1 _aBodegas rurales CONASUPO
901 _aBK
942 _cFOLL
949 _bBC
_cTES
_d-101144
_eTS1
_h27517
_i44165
_si
949 _bBC
_cTES
_d-101145
_eTS2
_fc.2
_h27518
_i44165
_si
999 _c39068
_d39068